THE ESSENTIALS OF FORENSIC MEDICINE & TOXICOLOGY (Record no. 1774)

MARC details
000 -LEADER
fixed length control field 00387nam a2200145Ia 4500
008 - FIXED-LENGTH DATA ELEMENTS--GENERAL INFORMATION
fixed length control field 150201s2013 xx 000 0 und d
082 ## - DEWEY DECIMAL CLASSIFICATION NUMBER
Classification number 614.1
Item number E13R
100 ## - MAIN ENTRY--PERSONAL NAME
Personal name REDDY, KS. NARAYAN
245 ## - TITLE STATEMENT
Title THE ESSENTIALS OF FORENSIC MEDICINE & TOXICOLOGY
250 ## - EDITION STATEMENT
Edition statement 32TH
260 ## - PUBLICATION, DISTRIBUTION, ETC. (IMPRINT)
Name of publisher, distributor, etc. K. SUGUNA DEVI
Place of publication, distribution, etc. HYD INDIA
Date of publication, distribution, etc. 2013
300 ## - PHYSICAL DESCRIPTION
Extent 1-651
650 ## - SUBJECT ADDED ENTRY--TOPICAL TERM
Topical term or geographic name as entry element FORENSIC MEDICINE
942 ## - ADDED ENTRY ELEMENTS (KOHA)
Source of classification or shelving scheme Dewey Decimal Classification
Koha item type Books
Koha issues (borrowed), all copies 13
Holdings
Withdrawn status Lost status Source of classification or shelving scheme Damaged status Not for loan Collection code Home library Current library Shelving location Date acquired Source of acquisition Cost, normal purchase price SGTU Bill Number Total Checkouts Full call number Barcode Date last seen Date last checked out Bill Date Koha item type
    Dewey Decimal Classification     MEDICAL SGT Medical Library SGT Medical Library Text Book 07/06/2014 ABC DELHI 380.00 SGTU 4670 10 614.1 E13R FM6033 16/03/2026 25/02/2026 14/07/2014 Books
    Dewey Decimal Classification     MEDICAL SGT Medical Library SGT Medical Library Text Book 07/06/2014 ABC DELHI 380.00 SGTU 4670 9 614.1 E13R FM6034 21/06/2024 08/06/2024 14/07/2014 Books
    Dewey Decimal Classification     MEDICAL SGT Medical Library SGT Medical Library Text Book 07/06/2014 ABC DELHI 380.00 SGTU 4670 5 614.1 E13R FM6035 27/09/2022 14/09/2022 14/07/2014 Books
    Dewey Decimal Classification     MEDICAL SGT Medical Library SGT Medical Library Text Book 07/06/2014 ABC DELHI 380.00 SGTU 4670 6 614.1 E13R FM6036 26/09/2025 11/09/2025 14/07/2014 Books
    Dewey Decimal Classification     MEDICAL SGT Medical Library SGT Medical Library Text Book 07/06/2014 ABC DELHI 380.00 SGTU 4670 5 614.1 E13R FM6037 12/08/2023 28/07/2023 14/07/2014 Books